Theranjedutha kathakal / (Record no. 4138)
[ view plain ]
| 000 -LEADER | |
|---|---|
| fixed length control field | 00504cam a2200193ua 4500 |
| 041 ## - LANGUAGE CODE | |
| Language code of text/sound track or separate title | mal |
| 082 ## - DEWEY DECIMAL CLASSIFICATION NUMBER | |
| Classification number | 894.812 301 |
| Item number | VAR/TH |
| 100 ## - MAIN ENTRY--AUTHOR NAME | |
| Personal name | Varkey, Ponkunnam. |
| 245 ## - TITLE STATEMENT | |
| Title | Theranjedutha kathakal / |
| 250 ## - EDITION STATEMENT | |
| Edition statement | 1 / |
| 260 ## - PUBLICATION, DISTRIBUTION, ETC. (IMPRINT) | |
| Place of publication | Kottayam : |
| Name of publisher | Sahitya Pravarthaka Co-operative Society , |
| Year of publication | 1968. |
| 300 ## - PHYSICAL DESCRIPTION | |
| Number of Pages | 382 ; . |
| 942 ## - ADDED ENTRY ELEMENTS (KOHA) | |
| Koha item type | Books |
| Withdrawn status | Lost status | Damaged status | Home library | Current library | Date acquired | Cost, normal purchase price | Full call number | Accession Number | Koha item type | Public note |
|---|---|---|---|---|---|---|---|---|---|---|
| Withdrawn | KAUAET | Central Prison Tavanur | 07/04/2012 | 10.00 | 894.812 301 | 7469 | Books | Transferred to Central Prison | ||
| KAUAET | KAUAET | 07/04/2012 | 894.812 301 | 12679 | Books |
